| 000 | 00431nam a22001817a 4500 | ||
|---|---|---|---|
| 003 | OSt | ||
| 005 | 20180116183050.0 | ||
| 008 | 160810b xxu||||| |||| 00| 0 eng d | ||
| 020 | _a394404289 | ||
| 040 | _c0 | ||
| 082 | _a811.52 GIB 1989 | ||
| 100 | _aKahlil Gibran | ||
| 245 |
_aThe Prophet _cKahlil Gibran |
||
| 260 |
_aNew York _bAlfred A.Knopf _c1989 |
||
| 300 |
_a96 p. _bHB |
||
| 440 | _aThe Prophet | ||
| 942 |
_2ddc _cBK |
||
| 999 |
_c351591 _d351591 |
||